000
00294nam a2200109 4500
008
160622b xxu||||| |||| 00| 0 eng d
100
_9
522
_a
Su Sarkar
245
_a
Morden India 1885 - 1947
260
_a
Madras
_b
McMillian India.Ltd.
_c
1983
300
_a
Morden India 1885 - 1947
942
_2
ddc
_c
BK
999
_c
434
_d
434